| 000 | 01083cam a22002531i 4500 | ||
|---|---|---|---|
| 003 | SA-RiAUC | ||
| 005 | 20251106085952.0 | ||
| 008 | 251028s1992 xx g 00010 ara c | ||
| 040 |
_aSA-JeALM _bara _cSA-RiAUC _erda |
||
| 082 | 0 | 4 |
_a217.2 _qSA-RiAUC |
| 090 |
_a217.2 _bب و ق |
||
| 100 | 1 |
_aبوقس، عبد الله عبد المطلب عمر، _d1348 هجري- _eمؤلف. |
|
| 245 | 1 | 0 |
_aدعوة الحق : _bصراع بين الحق والباطل / _cعبد الله عبد المطلب عمر بوقس. |
| 250 | _aالطبعة الثالثة. | ||
| 264 | 1 |
_a[مكان النشر غير محدد] : _bعبد الله بن عبدالمطلب بوقس، _c1992 |
|
| 300 |
_a211 صفحة ؛ _c21 سم |
||
| 336 |
_aنص _btxt _2rdacontent _3كتاب |
||
| 337 |
_aبدون وسيط _bn _2rdamedia |
||
| 338 |
_aمجلد _bnc _2rdacarrier |
||
| 500 | _aإهداء من المؤلف عبد الله عبد المطلب عمر بوقس بتاريخ 1418/2/20 هـ | ||
| 650 | 7 |
_aالوهابية _2aucsh |
|
| 942 |
_2ddc _cBOOK _n0 |
||
| 949 |
_aSA-JeALM _d251028 _umohamedma123 _n1 |
||
| 999 |
_c13059 _d13059 |
||